Statistics for Richest Countries In The World In 1950

Click here to take the quiz!

General Stats

  • This quiz has been taken 46 times
  • The average score is 19 of 25

Answer Stats

$Country% Correct
$9,220United States
100%
$6,660Canada
97%
$5,210France
95%
$3,770Italy
95%
$9,580Switzerland
95%
$7,220Australia
90%
$3,430Spain
90%
$2,880Germany
87%
$8,930New Zealand
87%
$4,980Norway
87%
$7,070Sweden
87%
$4,960Finland
85%
$5,360Belgium
82%
$6,740Denmark
82%
$5,850Netherlands
82%
$2,130Mexico
79%
$3,820Ireland
77%
$5,330Argentina
74%
$4,280Chile
74%
$3,730Soviet Union
62%
$2,250Colombia
59%
$8,240Venezuela
54%
$2,550Peru
51%
$3,520Hungary
44%
$2,270South Africa
33%

Score Distribution

Percentile by Number Answered

Percent of People with Each Score

Your Score History

You have not taken this quiz